الھامی دیوان رینو ممتاز رینو / (Record no. 255776)
[ view plain ]
| 000 -LEADER | |
|---|---|
| fixed length control field | 00643nam a22001937a 4500 |
| 003 - CONTROL NUMBER IDENTIFIER | |
| control field | BD-DhUL |
| 005 - DATE AND TIME OF LATEST TRANSACTION | |
| control field | 20220410121300.0 |
| 008 - FIXED-LENGTH DATA ELEMENTS--GENERAL INFORMATION | |
| fixed length control field | 220406s2009 bg ||||| |||| 00| 0 per d |
| 040 ## - CATALOGING SOURCE | |
| Original cataloging agency | BD-DhUL |
| Transcribing agency | BD-DhUL |
| 082 ## - DEWEY DECIMAL CLASSIFICATION NUMBER | |
| Classification number | 891.551 |
| Item number | REI |
| 100 1# - MAIN ENTRY--PERSONAL NAME | |
| Personal name | رینو، رینو ممتاز۔ |
| Fuller form of name | [Renu, Renu Mumtaz]. |
| 245 0# - TITLE STATEMENT | |
| Title | الھامی دیوان رینو ممتاز رینو / |
| Statement of responsibility, etc. | رینو ممتاز رینو۔ |
| 246 ## - VARYING FORM OF TITLE | |
| Title proper/short title | Ilhami divan-e Renu Mumtaz Renu |
| 260 ## - PUBLICATION, DISTRIBUTION, ETC. (IMPRINT) | |
| Place of publication, distribution, etc. | Dhaka : |
| Name of publisher, distributor, etc. | Ahsania Mission, |
| Date of publication, distribution, etc. | 2009. |
| 300 ## - PHYSICAL DESCRIPTION | |
| Extent | ص۔ ۲۵۷، ۴۰، ۱۸۵ ؛ |
| Dimensions | ۲۸ سم۔ |
| 650 #4 - SUBJECT ADDED ENTRY--TOPICAL TERM | |
| Topical term or geographic name as entry element | Persian poetry. |
| 650 #4 - SUBJECT ADDED ENTRY--TOPICAL TERM | |
| Topical term or geographic name as entry element | Farsi ghazal. |
| 942 ## - ADDED ENTRY ELEMENTS (KOHA) | |
| Source of classification or shelving scheme | |
| Koha item type | Books |
| Price effective from | Date last seen | Permanent Location | Not for loan | Date acquired | Source of classification or shelving scheme | Koha item type | Lost status | Withdrawn status | Copy number | Source of acquisition | Collection code | Damaged status | Shelving location | Barcode | Current Location | Full call number |
|---|---|---|---|---|---|---|---|---|---|---|---|---|---|---|---|---|
| 2022-04-06 | 2022-04-06 | Dhaka University Library | 2013-06-01 | Books | 1 | Gift | Non Fiction | General Stacks | 466016 | Dhaka University Library | 891.551 REI |
